00857 a2200205 4500008004100000010001400041020002300055035001300078037001800091082001000109100001700119245013100136260004900267270008400316300002800400500003900428942004300467999001500510952012600525080822t xxu||||| |||| 00| 0 eng d aENG-85122 a8131301869c795.00 aEN-68655 bD.B.Act / Pub a370.1 aSingh, Y. K. aPhilosophical foundation of educationcby Y. K. Singhbmodified syllabus Indian univeristies/ trainning institute and colleges aNew DelhibAPH Publishing Corporatioonc2007 a5, Ansari Road, Darya GanjbNew Delhie110 002maphbooks@vsnl.netk011 23274050 axii, 372p.b22cm. (Hb) aincludes bibliographical refrences adplcENk370.1 / SIN2ddch370.1 mSIN c1410d1410 00104070aDBADbDBADd2008-08-22g795.00l0o370.1 SINpEN-68655r2008-09-15 00:00:00t1u1482v795.00w2008-09-15yEN